00414nam a2200181Ia 4500003000400000005001700004008004100021020001800062040000700080041000800087082001500095100002000110245002900130250000700159260003700166300001600203365001300219OSt20230420122441.0210423s2008 xx 000 0 und d a9780071259309 cAL aeng a658.4 LUTF aLUTHANS (Fred). aOrganizational behavior. a11 aNew DelhibTata McGrawhillc2008 axvi,592bPB b511cINR